MBTA - Framingham/Worcester Line - Statistics

General Stats
  • This quiz has been taken 42 times
  • The average score is 15 of 18
Answer Stats
Answer % Correct
South Station
100%
Worcester
100%
Framingham
96%
Back Bay
93%
Boston Landing
89%
Natick Center
86%
Ashland
82%
Grafton
82%
Wellesley Hills
82%
Auburndale
79%
Lansdowne
79%
Wellesley Farms
79%
Westborough
79%
Southborough
75%
West Natick
75%
West Newton
75%
Newtonville
68%
Wellesley Square
61%
No matching quizzes found
Score Distribution
Percent of People with Each Score
Percentile by Number Answered
Your Score History
You have not taken this quiz